000 00545nam a2200193Ia 4500
005 20250508150109.0
008 008 250505s9999 xx 000 0 eng d
037 _aTextual
040 _aFEDL
_beng
_cFEDL
041 _aeng
_2eng
084 _a331.954, IND
_qFEDL
245 0 _aLabour
260 _aBombay, India
_bVora and Company Publishers Private Limited
_c1947
300 _a195p.
490 _aNational Planning Committee Series
650 _aEconomics
942 _cTEXL
_h331.954, IND
999 _c1321753
_d1321753